|
|
|
|
| LEADER |
00000caa a22000002c 4500 |
| 001 |
1640854606 |
| 003 |
DE-627 |
| 005 |
20251117121144.0 |
| 007 |
tu |
| 008 |
160405s1986 xx ||||| 00| ||eng c |
| 035 |
|
|
|a (DE-627)1640854606
|
| 035 |
|
|
|a (DE-576)46308764X
|
| 035 |
|
|
|a (DE-599)BSZ46308764X
|
| 040 |
|
|
|a DE-627
|b ger
|c DE-627
|e rakwb
|
| 041 |
|
|
|a eng
|
| 084 |
|
|
|a 1
|2 ssgn
|
| 100 |
1 |
|
|0 (DE-588)1147180962
|0 (DE-627)1008540269
|0 (DE-576)42111214X
|4 aut
|a Slingerland, Howard Dixon
|d 1943-
|
| 109 |
|
|
|a Slingerland, Howard Dixon 1943-
|a Slingerland, H. Dixon 1943-
|a Slingerland, Howard D. 1943-
|a Slingerland, Dixon 1943-
|a Slingerland, H. D. 1943-
|
| 245 |
1 |
4 |
|a The nature of "nomos" (law) within the "Testaments of the Twelve Patriarchs"
|c Dixon Slingerland
|
| 264 |
|
1 |
|c 1986
|
| 336 |
|
|
|a Text
|b txt
|2 rdacontent
|
| 337 |
|
|
|a ohne Hilfsmittel zu benutzen
|b n
|2 rdamedia
|
| 338 |
|
|
|a Band
|b nc
|2 rdacarrier
|
| 601 |
|
|
|a Testament
|
| 601 |
|
|
|a Patriarch
|
| 630 |
0 |
7 |
|0 (DE-588)4184820-2
|0 (DE-627)104648473
|0 (DE-576)210028335
|a Testamenta XII Patriarcharum
|2 gnd
|
| 652 |
|
|
|a HD
|
| 689 |
0 |
0 |
|d u
|0 (DE-588)4184820-2
|0 (DE-627)104648473
|0 (DE-576)210028335
|a Testamenta XII Patriarcharum
|2 gnd
|
| 689 |
0 |
1 |
|d s
|0 (DE-588)4071487-1
|0 (DE-627)106097563
|0 (DE-576)209184124
|2 gnd
|a Frühjudentum
|
| 689 |
0 |
2 |
|d s
|0 (DE-588)4020662-2
|0 (DE-627)104106875
|0 (DE-576)208934359
|2 gnd
|a Gesetz
|g Theologie
|
| 689 |
0 |
|
|5 (DE-627)
|
| 773 |
0 |
8 |
|i In
|t Journal of biblical literature
|d Atlanta, Ga. : Soc., 1890
|g 105(1986), 1, Seite 39-48
|w (DE-627)129078786
|w (DE-600)3075-2
|w (DE-576)014411350
|x 0021-9231
|7 nnas
|
| 773 |
1 |
8 |
|g volume:105
|g year:1986
|g number:1
|g pages:39-48
|
| 935 |
|
|
|a mteo
|a BIIN
|
| 951 |
|
|
|a AR
|
| BIB |
|
|
|a 1
|
| ELC |
|
|
|b 1
|
| ITA |
|
|
|a 1
|t 1
|
| LOK |
|
|
|0 000 xxxxxcx a22 zn 4500
|
| LOK |
|
|
|0 001 3303063796
|
| LOK |
|
|
|0 003 DE-627
|
| LOK |
|
|
|0 004 1640854606
|
| LOK |
|
|
|0 005 20160405093627
|
| LOK |
|
|
|0 008 160404||||||||||||||||ger|||||||
|
| LOK |
|
|
|0 040
|a DE-Tue135
|c DE-627
|d DE-Tue135
|
| LOK |
|
|
|0 092
|o n
|
| LOK |
|
|
|0 852
|a DE-Tue135
|
| LOK |
|
|
|0 852 1
|9 00
|
| LOK |
|
|
|0 935
|a ixzs
|a ixmi
|
| LOK |
|
|
|0 939
|a 04-04-16
|b l01
|
| LOK |
|
|
|0 000 xxxxxcx a22 zn 4500
|
| LOK |
|
|
|0 001 3303063818
|
| LOK |
|
|
|0 003 DE-627
|
| LOK |
|
|
|0 004 1640854606
|
| LOK |
|
|
|0 005 20190311182319
|
| LOK |
|
|
|0 008 190311||||||||||||||||ger|||||||
|
| LOK |
|
|
|0 035
|a (DE-Tue135-1)26472
|
| LOK |
|
|
|0 040
|a DE-Tue135-1
|c DE-627
|d DE-Tue135-1
|
| LOK |
|
|
|0 852
|a DE-Tue135-1
|
| LOK |
|
|
|0 852 1
|c FTHNT097718/105/SDD
|m p
|9 00
|
| LOK |
|
|
|0 852 2
|b Z 4/421
|9 00
|
| LOK |
|
|
|0 935
|a iZSA
|
| LOK |
|
|
|0 936ln
|0 1442044160
|a HD
|
| LOK |
|
|
|0 938
|k p
|
| LOK |
|
|
|0 939
|a 11-03-19
|b l12
|
| ORI |
|
|
|a SA-MARC-ixtheoa001.raw
|
| STA |
0 |
0 |
|a Early Judaism,Intertestamental Judaism,Testaments of the twelve patriarchs,Twelve patriarchs
|
| STB |
0 |
0 |
|a Judaïsme primitif
|
| STC |
0 |
0 |
|a Judaísmo primitivo
|
| STD |
0 |
0 |
|a Giudaismo ellenistico,Giudaismo (II secolo a.C. -II secolo d.C.),Medio-giudaismo,Giudaismo,Medio-giudaismo
|
| STE |
0 |
0 |
|a 早期犹太教
|
| STF |
0 |
0 |
|a 早期猶太教
|
| STG |
0 |
0 |
|a Judaísmo primitivo
|
| STH |
0 |
0 |
|a Ранний иудаизм
|
| STI |
0 |
0 |
|a Πρώιμος Ιουδαϊσμός
|
| SUB |
|
|
|a BIB
|
| SYD |
0 |
0 |
|a Testamente der zwölf Patriarchen,Zwölfertestamente,Testamentum duodecim patriarcharum,Testament der zwölf Patriarchen,Testaments of the twelve patriarchs,Testament of the twelve patriarchs,Testamenta duodecim patriarcharum,Testamenta duodecim patriacharum,The Testaments of the Twelve Patriarchs,Bibel,Altes Testament,Apokryphen,Testamente der zwölf Patriarchen
|
| SYG |
0 |
0 |
|a Testamente der zwölf Patriarchen,Zwölfertestamente,Testamentum duodecim patriarcharum,Testament der zwölf Patriarchen,Testaments of the twelve patriarchs,Testament of the twelve patriarchs,Testamenta duodecim patriarcharum,Testamenta duodecim patriacharum,The Testaments of the Twelve Patriarchs,Bibel,Altes Testament,Apokryphen,Testamente der zwölf Patriarchen , Spätjudentum , Physikalisches Gesetz,Theologie,Gesetzliche Regelung,Gesetze
|